000 00423nam a2200145Ia 4500
008 230917s9999||||xx |||||||||||||| ||und||
040 _e170844
_aMAIN
041 _aEnglish
082 _a891.432741 SA23P
100 _aशर्मा, अचला
245 0 _aपासपोर्ट
260 _aनई दिल्ली
_bराजकमल प्रकाशन
_c2003
300 _a200 पृ. p.
942 _cHN
999 _c129200
_d129200